ბათუმის შოთა რუსთაველის სახელმწიფო უნივერსიტეტის ბიბლიოთეკა

Dynatomy - Dynamic Human Anatomy / (ბიბ.ჩანაწერი № 53927)

000 -LEADER
fixed length control field 00882nam a2200277Ia 4500
001 - CONTROL NUMBER
control field 20978
003 - CONTROL NUMBER IDENTIFIER
control field GE_BSU
005 - DATE AND TIME OF LATEST TRANSACTION
control field 20221107163840.0
008 - FIXED-LENGTH DATA ELEMENTS--GENERAL INFORMATION
fixed length control field 181216s||||||||xx |||||||||||||| ||und||
020 ## - INTERNATIONAL STANDARD BOOK NUMBER
International Standard Book Number 9780736036825 X
040 ## - CATALOGING SOURCE
Transcribing agency GE_BSU
080 ## - UNIVERSAL DECIMAL CLASSIFICATION NUMBER
Universal Decimal Classification number 612.7 W-63
100 ## - MAIN ENTRY--PERSONAL NAME
Personal name Whiting, William C.
9 (RLIN) 12176
245 ## - TITLE STATEMENT
Title Dynatomy - Dynamic Human Anatomy /
Statement of responsibility, etc. William C. Whiting, Rugg Stuart.
264 ## - PRODUCTION, PUBLICATION, DISTRIBUTION, MANUFACTURE, AND COPYRIGHT NOTICE
Place of production, publication, distribution, manufacture America :
Name of producer, publisher, distributor, manufacturer HUMAN KINETICS,
Date of production, publication, distribution, manufacture, or copyright notice 2006.
300 ## - PHYSICAL DESCRIPTION
Extent 246 p. :
Other physical details ill. ;
Dimensions 28 cm.
653 ## - INDEX TERM--UNCONTROLLED
keyword Dynatomy - Dynamic Human Anatomy
653 ## - INDEX TERM--UNCONTROLLED
keyword Human locomotion
653 ## - INDEX TERM--UNCONTROLLED
keyword Musculoskeletal system
653 ## - INDEX TERM--UNCONTROLLED
keyword Human anatomy
653 ## - INDEX TERM--UNCONTROLLED
keyword დინამიკა - დინამიური ადამიანის ანატომია
653 ## - INDEX TERM--UNCONTROLLED
keyword მედიცინა
700 ## - ADDED ENTRY--PERSONAL NAME
Personal name Stuart, Rugg
Relator term by
9 (RLIN) 12177
942 ## - ADDED ENTRY ELEMENTS (KOHA)
Koha item type წიგნი
Source of classification or shelving scheme
ეგზემპლარები
Withdrawn status Lost status Source of classification or shelving scheme Damaged status Not for loan Permanent Location Current Location Shelving location Date acquired Cost, normal purchase price Full call number Barcode Date last seen Copy number Price effective from Koha item type Public note
          ბათუმის შოთა რუსთაველის სახელმწიფო უნივერსიტეტის მთავარი ბიბლიოთეკა ბათუმის შოთა რუსთაველის სახელმწიფო უნივერსიტეტის მთავარი ბიბლიოთეკა წიგნსაცავი 2018-12-17 201.00 612.7 W-63 54661 2018-12-17 54661 2018-12-17 წიგნი 201.00 GEL.
          ბათუმის შოთა რუსთაველის სახელმწიფო უნივერსიტეტის მთავარი ბიბლიოთეკა ბათუმის შოთა რუსთაველის სახელმწიფო უნივერსიტეტის მთავარი ბიბლიოთეკა წიგნსაცავი 2018-12-17 201.00 612.7 W-63 54662 2018-12-17 54662 2018-12-17 წიგნი 201.00 GEL.
          ბათუმის შოთა რუსთაველის სახელმწიფო უნივერსიტეტის მთავარი ბიბლიოთეკა ბათუმის შოთა რუსთაველის სახელმწიფო უნივერსიტეტის მთავარი ბიბლიოთეკა წიგნსაცავი 2018-12-17 201.00 612.7 W-63 54663 2018-12-17 54663 2018-12-17 წიგნი 201.00 GEL.
          ბათუმის შოთა რუსთაველის სახელმწიფო უნივერსიტეტის მთავარი ბიბლიოთეკა ბათუმის შოთა რუსთაველის სახელმწიფო უნივერსიტეტის მთავარი ბიბლიოთეკა წიგნსაცავი 2021-11-02 201.00 612.7 W-63 55203 2021-11-02 55203 2021-11-02 წიგნი 201 ლ.
          ბათუმის შოთა რუსთაველის სახელმწიფო უნივერსიტეტის მთავარი ბიბლიოთეკა ბათუმის შოთა რუსთაველის სახელმწიფო უნივერსიტეტის მთავარი ბიბლიოთეკა წიგნსაცავი 2021-11-02 201.00 612.7 W-63 55204 2021-11-02 55204 2021-11-02 წიგნი 201 ლ.